| 000 | 02559nam a2200337 4500 | ||
|---|---|---|---|
| 001 | 82 | ||
| 003 | OSt | ||
| 005 | 20250528074011.0 | ||
| 008 | 250123b |||||||e |||| 00| 1 eng d | ||
| 040 | _bpor | ||
| 041 |
_hrus _apor |
||
| 082 |
_a891.73 _bB933m |
||
| 100 | 1 |
_aBulgakov, Mikhail Afanassievitch, _d1891-1940 _9194 |
|
| 240 | _aМастер и Маргарита | ||
| 245 |
_aO mestre e margarita / _cBulgakov, Mikhail ; Tradução de Mario Salviano Silva |
||
| 260 |
_aSão Paulo _bAbril _c1985 |
||
| 300 | _a337 p. | ||
| 490 | 1 | _aGrandes Romancistas | |
| 520 | _aO mestre e Margarida é um romance revolucionário. É uma obra com um estilo absolutamente original, sobre a liberdade da escrita e a força do amor em tempos adversos. É também uma sátira devastadora da vida sob o regime soviético, da censura e da repressão. Um dos livros mais importantes e cultuados do século XX. Em uma tarde de primavera, Satanás e seu séquito diabólico decidem visitar Moscou. Encontram poetas, editores, burocratas e todo tipo de pessoas tentando levar a vida em pleno regime comunista. Depois dessa visita, nada será como antes; o rastro de destruição e loucura mudará o destino de quem cruzar seu caminho. Da mesma forma, a publicação de O mestre e Margarida pela revista soviética Moskva, entre novembro de 1966 e janeiro de 1967, mudou para sempre os rumos da literatura russa. Mikhail Bulgakov havia morrido 26 anos antes. Era conhecido por suas peças teatrais de sucesso – polêmicas por sua visão crítica do regime –, além de contos, novelas e um romance. Quase ninguém suspeitava que, entre seu material inédito, estava sua obra máxima. Bulgakov levou cerca de dez anos para terminá-la, sabendo dos problemas que teria com a censura – chegou, inclusive, a queimar uma versão inicial. Apenas seu círculo mais íntimo de conhecidos sabia da existência do romance e, também, da impossibilidade de lançá-lo durante o regime stalinista. Apesar disso, o livro sobreviveu por mais de duas décadas e tornou-se um fenômeno. Acabou, assim, por confirmar uma frase dita na história pelo próprio diabo, e que na Rússia se tornou proverbial: "Manuscritos não ardem". | ||
| 650 | 0 |
_aLiteratura Russa _9195 |
|
| 650 | 0 |
_aHistórico _953 |
|
| 650 | 0 |
_aPolitica _9138 |
|
| 650 | 0 |
_aClássicos _977 |
|
| 650 | 0 |
_aSombrio _9178 |
|
| 650 | 0 |
_aFilme _926 |
|
| 655 | 0 |
_aRomance _923 |
|
| 655 | 0 |
_aFicção _922 |
|
| 700 |
_aMario Salviano Silva _eTradutor _9196 |
||
| 830 |
_aGrandes Romancistas _9126 |
||
| 942 |
_2ddc _n0 _cBK |
||
| 999 |
_c82 _d82 |
||